Education and human rights (Record no. 738)

MARC details
000 -LEADER
fixed length control field 00761 a2200205 4500
008 - FIXED-LENGTH DATA ELEMENTS--GENERAL INFORMATION
fixed length control field 080820t xxu||||| |||| 00| 0 eng d
010 ## - LIBRARY OF CONGRESS CONTROL NUMBER
LC control number ENG-84908
020 ## - INTERNATIONAL STANDARD BOOK NUMBER
International Standard Book Number 8183770460
Terms of availability 475.00
035 ## - SYSTEM CONTROL NUMBER
System control number EN-68441
037 ## - SOURCE OF ACQUISITION
Source of stock number/acquisition D.B.Act / Pub
082 ## - DEWEY DECIMAL CLASSIFICATION NUMBER
Classification number 370
100 ## - MAIN ENTRY--PERSONAL NAME
Personal name Parashar, M. R.
245 ## - TITLE STATEMENT
Title Education and human rights
Statement of responsibility, etc by M. R. Parashar
260 ## - PUBLICATION, DISTRIBUTION, ETC. (IMPRINT)
Place of publication, distribution, etc New Delhi
Name of publisher, distributor, etc Mahaveer and Sons
Date of publication, distribution, etc 2006
270 ## - ADDRESS
Address 4346/4c,Ansari Road Darya Ganj
City New Delhi
State or province Delhi
Postal code 110002
Telephone number 23287638
Electronic mail address mahaveersons Publishers@yahoo.com
300 ## - PHYSICAL DESCRIPTION
Extent 170p
Dimensions 22 cm (Hb)
500 ## - GENERAL NOTE
General note Includes index
942 ## - ADDED ENTRY ELEMENTS (KOHA)
Institution code [OBSOLETE] dpl
Koha item type English Books
Call number prefix 370 / PAR
Source of classification or shelving scheme Dewey Decimal Classification
Classification part 370
Call number suffix PAR
Holdings
Withdrawn status Lost status Damaged status Not for loan Home library Current library Date acquired Cost, normal purchase price Total Checkouts Full call number Barcode Date last seen Copy number Uniform Resource Identifier Cost, replacement price Price effective from Koha item type
        D.B.Act.Division D.B.Act.Division 20/08/2008 475.00   370 PAR EN-68441 15/09/2008 1 719 475.00 15/09/2008 English Books

© Delhi Public Library
Hit Counter
free hit counter